MARC

LEADER 00000nam0a2200000 4500
001 134269
005 20231031135625.0
020 |a RU  |b 88-23022 
035 |a (RuTPU)RU\TPU\book\145529 
090 |a 134269 
100 |a 20080327d1988 k y0rusy5003 ca 
101 1 |a rus  |c eng 
102 |a RU 
105 |a a z 001zy 
200 1 |a Колебания и бегущие волны в химических системах  |e пер. с англ.  |f под ред. Р. Филда; М. Бургера 
210 |a Москва  |c Мир  |d 1988 
215 |a 720 с.  |c ил. 
320 |a Библиогр.: с. 657-709. 
320 |a Предм. указ.: с. 710-713. 
610 1 |a химические системы 
610 1 |a химические колебания 
610 1 |a бегущие волны 
610 1 |a колебательные процессы 
610 1 |a исследования 
610 1 |a характеристики 
610 1 |a реакция Белоусова-Жаботинского 
610 1 |a Орегонатор 
610 1 |a осцилляторы 
610 1 |a методы моделирования 
610 1 |a возмущения 
610 1 |a химические волны 
610 1 |a реакционно-диффузионные системы 
610 1 |a термокинетические колебания 
675 |a 544.431  |v 3 
702 1 |a Филд  |b Р.  |g Ричард  |4 340 
702 1 |a Бургер  |b М.  |g Мария  |4 340 
801 0 |a RU  |b RuMRKP  |c 19950417  |g psbo 
801 1 |a RU  |b 63413507  |c 20080327  |g PSBO 
801 2 |a RU  |b 63413507  |c 20130802  |g PSBO 
942 |c BK